书目信息 |
| 题名: |
画说金鱼
|
|
| 作者: | 黄云皓, 绘著 | |
| 分册: | ||
| 出版信息: | 北京 三联书店 2022.02 |
|
| 页数: | 334页 | |
| 开本: | 21cm | |
| 丛书名: | ||
| 单 册: | ||
| 中图分类: | S965.811 | |
| 科图分类: | ||
| 主题词: | 金鱼--jin yu--文化研究--中国 | |
| 电子资源: | ||
| ISBN: | 978-7-108-07091-3 | |
| 000 | 00996nam0 2200241 450 | |
| 001 | 26681 | |
| 005 | 20220920145719.67 | |
| 010 | @a978-7-108-07091-3@dCNY79.00 | |
| 100 | @a20220321d2022 em y0chiy50 ea | |
| 101 | 0 | @achi |
| 102 | @aCN@b110000 | |
| 105 | @aa a 000yy | |
| 200 | 1 | @a画说金鱼@Ahua shuo jin yu@f黄云皓绘著 |
| 210 | @a北京@c三联书店@d2022.02 | |
| 215 | @a334页@c图 (部分彩图)@d21cm | |
| 314 | @a黄云皓, 国家一级注册建筑师, 高级建筑师。目前为北京杏坛美术馆签约艺术家。 | |
| 320 | @a有书目 (第334页) | |
| 330 | @a金鱼如水中之花, 盛开于碧水绿藻间, 不仅令人赏心悦目, 而且寄托着中国人对于生活的美好寓意。本书以一百多幅手绘图, 基于多年的养鱼经验, 带领读者领略“识鱼之美”, 了解“赏鱼之趣”, 体悟“养鱼之乐”, 掌握“活鱼之法”, 让在都市生活中的人们也能享受到传统的“花鸟鱼虫”之乐。 | |
| 606 | 0 | @a金鱼@Ajin yu@x文化研究@y中国 |
| 690 | @aS965.811@v5 | |
| 701 | 0 | @a黄云皓,@Ahuang yun hao@f1970-@4绘著 |
| 801 | 0 | @aCN@c20220910 |
| 905 | @a河南城建学院图书馆@dS965.811@eH910@f2 | |
| 画说金鱼/黄云皓绘著.-北京:三联书店,2022.02 |
| 334页:图 (部分彩图);21cm |
| ISBN 978-7-108-07091-3:CNY79.00 |
| 金鱼如水中之花, 盛开于碧水绿藻间, 不仅令人赏心悦目, 而且寄托着中国人对于生活的美好寓意。本书以一百多幅手绘图, 基于多年的养鱼经验, 带领读者领略“识鱼之美”, 了解“赏鱼之趣”, 体悟“养鱼之乐”, 掌握“活鱼之法”, 让在都市生活中的人们也能享受到传统的“花鸟鱼虫”之乐。 |
| ● |
| 相关链接 |
|
|
|
正题名:画说金鱼
索取号:S965.811/H910
 
预约/预借
| 序号 | 登录号 | 条形码 | 馆藏地/架位号 | 状态 | 备注 |
| 1 | 1578023 | 215780233 | 自科库401/401自科库 2排3列3层/ [索取号:S965.811/H910] | 在馆 | |
| 2 | 1578024 | 215780242 | 自科库401/401自科库 2排3列3层/ [索取号:S965.811/H910] | 在馆 |